| 000 | 01702nam0a2200337 4500 | ||
|---|---|---|---|
| 001 | RU\NLR\bibl\107744 | ||
| 005 | 20260607050517.0 | ||
| 010 |
_a5-88960-054-0 _96000 |
||
| 021 |
_aRU _b2000-16986 _9815 |
||
| 021 |
_aRU _b2000-29936 _91409 |
||
| 035 | _a(NLR Aleph) 000105456 | ||
| 090 |
_a596886 _c596886 |
||
| 100 | _a20000912d2000 |||y0rusy50 ca | ||
| 101 | 0 | _arus | |
| 102 | _aRU | ||
| 105 | _ay ||||||||| | ||
| 200 | 1 |
_aБухгалтерский учет и отчетность предприятий и организаций 2000 _e[Все нормат. док. и разъяснения М-в и ведомств Рос. Федерации] _eСправ. пособие _f[Информ.-изд. и юрид. центр _gПодгот.: Иванова Н.М. и др.] _gПод общ. ред. акад. Карпова В.В. |
|
| 210 |
_aМ. _cЭкономика и финансы _d2000 |
||
| 215 |
_a544 с. _d29 |
||
| 225 | 1 | _aСерия "Бухучет России на пути перехода к международным стандартам" | |
| 225 | 1 | _aНастольная книга бухгалтера | |
| 606 | 0 |
_aПредприятия _jСправочники _xБухгалтерский учет _yРоссийская Федерация _92097345 _3RU\NLR\auth\661268868 |
|
| 686 | _aУ052.9(2)2я2 | ||
| 702 | 1 |
_aИванова _bН. М. _4220 |
|
| 702 | 1 |
_4340 _7ca _8rus _aКарпов _bВ. В. _cэкономист _f1936 - 2003 _gВячеслав Валентинович _99730 _3RU\NLR\auth\7726691 |
|
| 801 | 0 |
_aRU _bNLR _c20000912 _gPSBO |
|
| 801 | 1 |
_aRU _bNLR _c20000912 |
|
| 852 |
_aNLR _j2000-8/1243 |
||
| 942 | _cBOOK | ||
| 980 | _aNB | ||